书目信息 |
| 题名: |
大学俄语= Русский язык : 新版. 教师用书.2
|
|
| 作者: | 刘素梅 主编 | |
| 分册: | 教师用书 | |
| 出版信息: | 北京 外语教学与研究出版社 2012.03 |
|
| 页数: | 239页 | |
| 开本: | 20cm | |
| 丛书名: | ||
| 单 册: | ||
| 中图分类: | H35 | |
| 科图分类: | ||
| 主题词: | 俄语 | |
| 电子资源: | ||
| ISBN: | 7-5135-1726-6 | |
| 000 | 00701nam0 2200205 450 | |
| 001 | 2160907660 | |
| 005 | 20211207101754.95 | |
| 010 | @a7-5135-1726-6@dCNY39.90 | |
| 100 | @a20211206d2012 km y0chiy0120 ea | |
| 101 | 0 | @achi |
| 102 | @aCN@b110000 | |
| 200 | 1 | @a大学俄语= Русский язык : 新版. 教师用书.2@ADa Xue E Yu=Русскийязык:Xin Ban.Jiao Shi Yong Shu.2@i教师用书@f刘素梅主编@FLiu Su Mei Zhu Bian |
| 210 | @a北京@c外语教学与研究出版社@d2012.03 | |
| 215 | @a239页@d20cm | |
| 517 | 1 | @a教师用书@AJiao Shi Yong Shu |
| 606 | 0 | @a俄语 |
| 690 | @aH35@v4 | |
| 701 | 0 | @a刘素梅@ALiu Su Mei@4主编 |
| 801 | 0 | @aCN@b大连网信软件有限公司图书馆·11@c20211207 |
| 905 | @aZUCC@dH35@eL674:2=2 | |
| 大学俄语= Русский язык : 新版. 教师用书.2.教师用书/刘素梅主编.-北京:外语教学与研究出版社,2012.03 |
| 239页;20cm |
| ISBN 7-5135-1726-6:CNY39.90 |
| ● |
| 相关链接 |
|
|
|
正题名:大学俄语= Русский язык : 新版
索取号:H35/L674:2=2
 
预约/预借
| 序号 | 登录号 | 条形码 | 馆藏地/架位号 | 状态 | 备注 |
| 1 | 1502579 | 215025791 | 国际教育学院资料室/ [索取号:H35/L674:2=2] | 在馆 | |
| 2 | 1502580 | 215025808 | 国际教育学院资料室/ [索取号:H35/L674:2=2] | 在馆 |